000 02330nam a2200361 i 4500
001 768714001
003 CO-MdFUSB
005 20260325163237.0
007 ta
008 t2002 -us||||g |||| 00| 0 spa d
020 _a0-7899-1060-8
040 _aCO-MdFUSB
_bspa
_cCO-MdFUSB
_dCO-MdFUSBC
_erda
041 _aspa
082 _223
_a261.8
_bER66
100 _aErdely, Jorge,
_eautor
245 0 0 _aPastores que abusan
_c/ Jorge Erdely
264 1 _aMiami, Florida :
_bUnilit,
_c[2002]
264 4 _c©2002
300 _a247 páginas
_c; 20 cm
336 _2rdacontent
_atexto
_btxt
337 _2rdamedia
_asin mediación
_bn
338 _2rdacarrier
_avolumen
_bnc
504 _aIncluye índice general ; prefacio del autor a la segunda edición ; apéndice ; ayuda para víctimas en casos de abusos ; bibliografía selecta.
505 _gParte I.
_tLas víctimas hablan por sí mismas:
_aSacerdotes y abuso infantil: Traicionando a los más vulnerables. -- Iglesias en la encrucijada: ¿Qué tan grande es el problema? -- Estructuras perversas: El ídolo de la institución. -- Los líderes autoritarios y el dinero. -- María Luisa: Crónica de una infamia. -- Corrupción e impunidad: El círculo de la complicidad. -- Persecución, difamación e intimidación: Un arma clásica para controlar. -- Explotando la relación pastoral: Cuando los ministros adulteran. -- Incesto Espiritual: El crimen del reverendo Jackson. -- Los pastores autoritarios pueden programar a la gente. -- Sexo y manipulación sectaria: David Koresh y otros más. -- Autoritarismo y totalitarismo: Un signo clásico de las sectas. -- ¿A quién le puede pasar?
_gParte II.
_tCómo reconocer a los pastores abusivos:
_aMétodos de manipulación y doctrinas autoritarias. -- Los límites de la autoridad pastoral. -- Lo que siempre creyó la iglesia cristiana en cuanto a la autoridad. -- Desenmascarando las doctrinas autoritarias. -- Los líderes manipuladores dañan a la gente: ¿Qué debemos hacer?
563 _aRústico
653 _aAbuso infantil — Aspectos religiosos
653 _aAbuso sexual — Instituciones religiosas
653 _aClero — Conducta moral
653 _aAutoridad religiosa — Abuso de poder
653 _aIglesias — Problemas sociales
942 _cBK
945 _aCatherine Arias Alvarez
999 _c71365
_d71365